Statistiques concernant Paroles "Tout le monde veut devenir un cat" (Disney)

Cliquez ici pour prendre le quiz!

Statistiques générales

  • Ce quiz a été pris 486 fois
    (481 depuis la dernière actualisation)
  • Le résultat moyen est 131 sur 182

Statistiques - réponses

PersonnageParoles% Correct
Scat-catÇa
100%
ça
100%
cat
100%
de
100%
devenir
100%
le
100%
monde
100%
O'Malley & Marie | Scat-catTout
100%
tout
100%
un
100%
veut
100%
il
98%
chat
97%
est
97%
pattes
97%
quand
97%
Scat-cat & O'MalleyQuand
97%
retombe
97%
ses
97%
sur
97%
parce
94%
qu'un
92%
à
89%
ce
85%
que
82%
ces
80%
comme
79%
la
79%
79%
Marie | O'MalleyOh
79%
oh
79%
O'MalleyC'est
77%
Scat-catc'est
77%
O'Malley | Scat-cat & O'MalleyOui
77%
oui
77%
Billy BossQui
74%
qui
74%
fou
73%
pied
72%
sa
72%
joue
70%
quelle
70%
Scat-catQuelle
70%
rend
69%
mes
68%
amis
67%
bien
66%
calamité
66%
les
66%
des
65%
dès
65%
swingue
64%
vous
64%
rythmé
63%
trompette
61%
si
60%
démodé
59%
qu'il
59%
très
57%
accrobate
55%
l'ennui
55%
du
54%
pire
54%
lui
53%
O'MalleyMais
53%
pas
52%
vrai
52%
on
49%
semble
49%
auprès
44%
chanter
44%
O'MalleyUne
44%
une
44%
veulent
44%
boutons
43%
jazz
43%
devient
41%
jouer
41%
vite
41%
avec
40%
bottines
40%
cloche
40%
gars
38%
quoi
38%
piqué
36%
donc
33%
nattes
33%
parmi
33%
swinguer
33%
encore
32%
s'acharne
32%
seul
30%
sache
29%
danserait
27%
gigue
27%
bientôt
23%
dingue
21%
Scat-catBen
13%
qu'est
13%
rinky
13%
tinky
13%

Distribution des résultats

Percentile par nombre de réponses

% des personnes avec chaque résultat

Votre développement - résultats

Vous n’avez pas pris ce quiz depuis la dernière actualisation